Statistiques concernant Culture Générale - Série 1989

Cliquez ici pour prendre le quiz!

Statistiques générales

  • Ce quiz a été pris 84 fois
  • Le résultat moyen est 5 sur 10

Statistiques - réponses

QuestionRéponse% Correct
De quel pays le "fado" est-il un genre musical traditionnel ?Portugal
96%
Dans quelle ville anglaise passe le méridien qui sert de référence internationale de longitude ?Greenwich
82%
C'est un papillon diurne et un mois de l'annéemars
70%
Dans quelle ville française peut-on admirer le temple romain "la maison carrée" ? voir photoNîmes
67%
Qu'est-ce qu'un bécasseau sanderling ?oiseau
49%
Obtenir un objet convoité, c'est décrocher la " ....timbale
46%
Dignitaire ecclésiastique comme KIR ?chanoine
41%
Dans quel pays se trouve le lac "ladoga" ?Russie
38%
C'est une peinture ou un dessin exécuté à la main qui décore ou illustre un texte, généralement un manuscrit ?enluminure
25%
Menu plomb, fondu à l’eau ou au moule, dont on se sert pour tirer des oiseaux.dragée
0%

Distribution des résultats

Percentile par nombre de réponses

% des personnes avec chaque résultat

Votre développement - résultats

Vous n’avez pas pris ce quiz